000 00445nam a2200205Ia 4500
001 084307
003 YMCAF
005 20230512161444.0
008 100717s2002 ||||||||||||||||| ||und|d
024 _a84307
035 _a23767
040 _aYMCAF
_beng
_cIN-KoLT
041 _aeng
082 _a650.076
_bKHU
100 _aKhurana, Ajit
245 0 _aHow to prepare for GMAT CAT
260 _bTMH
_c2002
300 _a559
942 _2ddc
_cBK
999 _c8701
_d8701